000 00686cam a2200205 4500500
005 20260405002227.0
041 _afre
042 _adc
100 1 0 _aLegros, Martin
_eauthor
245 0 0 _aFrancis Wolff: “Philosopher, c’est chanter comme un castrat : avec une voix d’enfant et une technique d’adulte”
260 _c2016.
500 _a33
690 _aDescartes
690 _aFrancis Wolff
690 _aMétaphysique
690 _aphilo
690 _aphilosophie
786 0 _nPhilosophie magazine | 100 | 6 | 2016-06-01 | p. 30-32 | 1951-1787
856 4 1 _uhttps://shs.cairn.info/magazine-philosophie-magazine-2016-6-page-30?lang=fr&redirect-ssocas=7080
999 _c2055596
_d2055596